| 000 | 00872nam a2200241 a 4500 | ||
|---|---|---|---|
| 001 | 000037829 | ||
| 005 | 20201002031125.0 | ||
| 008 | 130306s2007 dr 000 0 spa d | ||
| 020 | _a9789945415155 | ||
| 040 |
_aDO-SdBNP _bspa _cBNPHU |
||
| 245 | 0 | 3 |
_aLa estructura impositiva y la limitada inversión en desarrollo humano / _cOscar Amargos, [et. al.]. |
| 260 |
_aSanto Domingo : _bPontificia Universidad Católica Madre y Maestra, _c2007. |
||
| 300 |
_a230 p. ; _c22 cm. |
||
| 490 | 1 |
_aForo políticas sociales y bienestar _vno.5 |
|
| 500 | _aIncluye notas al pie de las páginas | ||
| 504 | _aBibliografía : p. 229-230 | ||
| 700 | 1 |
_aCañete, Rosa _964281 |
|
| 700 | 1 |
_aCastillo, Felipe _964282 |
|
| 700 | 1 |
_aDíaz, Magín _964283 |
|
| 700 | 1 |
_aHernández, Pedro _92670 |
|
| 700 | 1 |
_aPérez, César _911675 |
|
| 830 | 0 |
_aForo políticas sociales y bienestar _964284 |
|
| 999 |
_c37319 _d37319 |
||